书目信息 |
| 题名: |
轻松看懂建筑弱电施工图
|
|
| 作者: | 张树臣 主编 | |
| 分册: | ||
| 出版信息: | 北京 中国电力出版社 2020.2 |
|
| 页数: | 158页 | |
| 开本: | 26cm | |
| 丛书名: | ||
| 单 册: | ||
| 中图分类: | TU85 | |
| 科图分类: | ||
| 主题词: | 房屋建筑设备--电气设备--建筑安装--工程制图--识图 | |
| 电子资源: | ||
| ISBN: | 978-7-5123-9464-3 | |
| 000 | 00942nam0 2200229 45 | |
| 001 | 012001000109 | |
| 005 | 20140910150312.0 | |
| 010 | @a978-7-5123-9464-3@dCNY35.00 | |
| 100 | @a20161121d2016 em y0chiy50 ea | |
| 101 | 0 | @achi |
| 102 | @aCN@b110000 | |
| 105 | @aa z 000yy | |
| 106 | @ar | |
| 200 | 1 | @a轻松看懂建筑弱电施工图@Aqing song kan dong jian zhu ruo dian shi gong tu@f张树臣主编 |
| 210 | @a北京@c中国电力出版社@d2020.2 | |
| 215 | @a158页@d26cm | |
| 330 | @a本书介绍了现代建筑弱电系统设计的基本内容、设计方法及识图的基本规则,并提供了实际工程设计的技术说明和图例。全书共8章,主要内容包括建筑弱电工程图识图基本知识、消防系统、安全防范系统、闭路电视监控系统、建筑电话通信系统、停车场管理系统及综合布线系统工程图的识图。 | |
| 606 | 0 | @a房屋建筑设备@x电气设备@x建筑安装@x工程制图@x识图 |
| 690 | @aTU85@v5 | |
| 701 | 0 | @a张树臣@Azhang shu chen@c(建筑)@4主编 |
| 801 | 0 | @aCN@bBJSDL@c20211011 |
| 905 | @b1330409-12@dTU85@e1821@f4 | |
| 轻松看懂建筑弱电施工图/张树臣主编.-北京:中国电力出版社,2020.2 |
| 158页;26cm |
| ISBN 978-7-5123-9464-3:CNY35.00 |
| 本书介绍了现代建筑弱电系统设计的基本内容、设计方法及识图的基本规则,并提供了实际工程设计的技术说明和图例。全书共8章,主要内容包括建筑弱电工程图识图基本知识、消防系统、安全防范系统、闭路电视监控系统、建筑电话通信系统、停车场管理系统及综合布线系统工程图的识图。 |
| ● |
| 相关链接 |
|
|
|
|
正题名:轻松看懂建筑弱电施工图
索取号:TU85/1821
 
预约/预借
| 序号 | 登录号 | 条形码 | 馆藏地/架位号 | 状态 | 备注 |
| 1 | 1330409 | 213304093 | 第二样本阅览室/ [索取号:TU85/1821] | 在馆 | |
| 2 | 1330410 | 213304100 | 第三借阅区/ [索取号:TU85/1821] | 在馆 | |
| 3 | 1330411 | 213304119 | 第三借阅区/ [索取号:TU85/1821] | 在馆 | |
| 4 | 1330412 | 213304128 | 第三借阅区/ [索取号:TU85/1821] | 在馆 |